| 000 | 00636nam a22001937a 4500 | ||
|---|---|---|---|
| 003 | 0 | ||
| 005 | 20240829104630.0 | ||
| 008 | 240829b xxu||||| |||| 00| 0 eng d | ||
| 020 | _a978-1-264-47934-4 | ||
| 050 |
_aBF 713 _b.M37 2022 |
||
| 100 | _aMartorell, Gabriela | ||
| 245 |
_aLife: _bthe essentials of human development _cGabriela Martorell |
||
| 250 | _aSecond edition | ||
| 260 |
_aNew York _bMcGraw Hill, LLC _c2022 |
||
| 300 |
_axxvii, 415 pages : _bcolored illustrations and pictures ; _c28cm. |
||
| 504 | _aIncludes bibliographical references, glossary, and index. | ||
| 650 | _aHuman development. | ||
| 942 |
_2lcc _cBK |
||
| 999 |
_c366157 _d366157 |
||